[Event "Olympiad-37"]
[Site "Turin"]
[Date "2006.06.04"]
[Round "13"]
[White "Draghici, G."]
[Black "Bendana Guerrero, Guy"]
[Result "1/2-1/2"]
[WhiteElo "2096"]
[BlackElo "2101"]
[PlyCount "80"]
[EventDate "2006.05.21"]
[EventType "team-swiss"]
[EventRounds "13"]
[EventCountry "ITA"]
[SourceTitle "CBM 113"]
[Source "ChessBase"]
[SourceDate "2006.07.31"]
[SourceVersion "1"]
[SourceVersionDate "2006.07.31"]
[SourceQuality "1"]
[WhiteTeam "IBCA"]
[BlackTeam "Nicaragua"]
[BlackTeamCountry "NCA"]

1. e4 e5 2. Nc3 Nf6 3. f4 d5 4. fxe5 Nxe4 5. Qf3 Nxc3 6. dxc3 Qh4+ 7. g3 Qe4+ 8. Qxe4 dxe4 9. Bg2 Bf5 10. Ne2 h6 11. Be3 Nd7 12. Nd4 Bg6 13. e6 Nf6 14. exf7+ Bxf7 15. Nb5 Bd6 16. Nxd6+ cxd6 17. 0-0-0 d5 18. Rhf1 0-0 19. Bh3 Bh5 20. Be6+ Bf7 21. Bf5 Bh5 22. Rde1 Bf3 23. c4 Rfd8 24. cxd5 Nxd5 25. Bd2 Re8 26. Bd7 Re7 27. Bb5 Kh8 28. c4 Rc7 29. Kb1 Nf6 30. Bf4 Rcc8 31. Rc1 Be2 32. Rfe1 Bd3+ 33. Ka1 a6 34. Ba4 Bxc4 35. Be5 Bd3 36. Bc3 Nd5 37. Bd4 Nb4 38. Bc3 Nd5 39. Bd4 Nb4 40. Bc3 Nd5 1/2-1/2

[Event "American Continental 03rd"]
[Site "Buenos Aires"]
[Date "2005.08.15"]
[Round "10"]
[White "Bendana Guerrero, Guy"]
[Black "Lo Presti, Roberto"]
[Result "0-1"]
[WhiteElo "2155"]
[BlackElo "2068"]
[PlyCount "84"]
[EventDate "2005.08.06"]
[EventType "swiss"]
[EventRounds "11"]
[EventCountry "ARG"]
[SourceTitle "CBM 107 Extra"]
[Source "ChessBase"]
[SourceDate "2005.09.01"]
[SourceVersion "1"]
[SourceVersionDate "2005.09.01"]
[SourceQuality "1"]

1. d4 Nf6 2. Nf3 e6 3. Bg5 c5 4. e3 h6 5. Bh4 cxd4 6. exd4 b6 7. Bd3 Be7 8. 0-0 0-0 9. Nbd2 Ba6 10. Qe2 Bxd3 11. Qxd3 d5 12. Ne5 Nfd7 13. Bxe7 Qxe7 14. f4 Rc8 15. c3 Nc6 16. Rae1 Rc7 17. Re3 Rac8 18. Qe2 Re8 19. Re1 Qf6 20. Qg4 b5 21. Rf1 b4 22. Nb3 Rec8 23. Nxd7 Rxd7 24. Nc5 Rdc7 25. Qd1 bxc3 26. bxc3 Na5 27. Qb1 Nc4 28. Re2 Nd6 29. Re3 Ne4 30. Rxe4 dxe4 31. Qxe4 Rxc5 32. dxc5 Qxc3 33. h3 Qxc5+ 34. Kh1 Qc4 35. Qb1 a5 36. Rf3 a4 37. Qb7 Rd8 38. Qb2 Qd4 39. Qa3 h5 40. Kh2 e5 41. fxe5 Qxe5+ 42. Kg1 Rd1+ 0-1

[Event "American Continental 03rd"]
[Site "Buenos Aires"]
[Date "2005.08.11"]
[Round "6"]
[White "Bendana Guerrero, Guy"]
[Black "Leeuw, Pablo Gabriel"]
[Result "0-1"]
[WhiteElo "2155"]
[BlackElo "2088"]
[PlyCount "96"]
[EventDate "2005.08.06"]
[EventType "swiss"]
[EventRounds "11"]
[EventCountry "ARG"]
[SourceTitle "CBM 107 Extra"]
[Source "ChessBase"]
[SourceDate "2005.09.01"]
[SourceVersion "1"]
[SourceVersionDate "2005.09.01"]
[SourceQuality "1"]

1. d4 e6 2. Nf3 f5 3. Bf4 Nf6 4. e3 Be7 5. h3 b6 6. Bd3 Bb7 7. Nbd2 Ne4 8. c3 0-0 9. Qc2 d5 10. Ne5 c5 11. Ndf3 c4 12. Be2 g5 13. Bh2 b5 14. Nd2 Nd7 15. Nxd7 Qxd7 16. Nf3 b4 17. Ne5 Qd8 18. Bf3 a5 19. Rb1 Nf6 20. 0-0 Nd7 21. Qa4 Nxe5 22. Bxe5 Ra6 23. Qd1 Bd6 24. Bxd6 Qxd6 25. Qd2 h6 26. Rfd1 Bc6 27. Re1 Rb8 28. b3 Bb5 29. Rec1 Rc6 30. Rb2 Ba6 31. Rbc2 Rcb6 32. Rb2 cxb3 33. axb3 bxc3 34. Qxc3 a4 35. Rcb1 Qa3 36. Bd1 Bc4 37. Bc2 axb3 38. Bd1 Qb4 39. Qxb4 Rxb4 40. Ra1 Kf7 41. Ra7+ R4b7 42. Ra3 f4 43. Bf3 Kf6 44. g3 e5 45. Bg2 e4 46. g4 f3 47. Bf1 Ke6 48. Ra6+ Bxa6 0-1

[Event "Olympiad-36"]
[Site "Mallorca"]
[Date "2004.10.27"]
[Round "12"]
[White "Bendana Guerrero, Guy"]
[Black "Ferreira, Oscar"]
[Result "1/2-1/2"]
[WhiteElo "2166"]
[BlackElo "2284"]
[PlyCount "51"]
[EventDate "2004.10.15"]
[EventType "team-swiss"]
[EventRounds "14"]
[EventCountry "ESP"]
[SourceTitle "CBM 104"]
[Source "ChessBase"]
[SourceDate "2005.01.27"]
[SourceVersion "1"]
[SourceVersionDate "2005.01.27"]
[SourceQuality "1"]
[WhiteTeam "Nicaragua"]
[BlackTeam "Paraguay"]
[WhiteTeamCountry "NCA"]
[BlackTeamCountry "PAR"]

1. d4 g6 2. Nf3 Bg7 3. Bf4 Nf6 4. Nbd2 d6 5. e4 0-0 6. h3 Nc6 7. c3 Nh5 8. Bh2 e5 9. dxe5 dxe5 10. Bc4 Qe7 11. 0-0 Nf4 12. Re1 Be6 13. Qc2 Rad8 14. Rad1 Rd7 15. Bf1 Rfd8 16. Nc4 f6 17. Ne3 Qf7 18. b3 Qe7 19. Rxd7 Rxd7 20. Rd1 Bf8 21. Rxd7 Qxd7 22. Qd2 Qxd2 23. Nxd2 Bc5 24. Bxf4 exf4 25. Nd5 Bxd5 26. exd5 1/2-1/2

[Event "Olympiad-36"]
[Site "Mallorca"]
[Date "2004.10.26"]
[Round "11"]
[White "Zullkafli, Zarul Shazwan"]
[Black "Bendana Guerrero, Guy"]
[Result "1/2-1/2"]
[WhiteElo "2020"]
[BlackElo "2166"]
[PlyCount "28"]
[EventDate "2004.10.15"]
[EventType "team-swiss"]
[EventRounds "14"]
[EventCountry "ESP"]
[SourceTitle "CBM 104"]
[Source "ChessBase"]
[SourceDate "2005.01.27"]
[SourceVersion "1"]
[SourceVersionDate "2005.01.27"]
[SourceQuality "1"]
[WhiteTeam "Malaysia"]
[BlackTeam "Nicaragua"]
[WhiteTeamCountry "MAS"]
[BlackTeamCountry "NCA"]

1. e4 e5 2. Nf3 Nf6 3. Nxe5 d6 4. Nf3 Nxe4 5. d4 d5 6. Bd3 Bd6 7. 0-0 0-0 8. c4 c6 9. Nc3 Nxc3 10. bxc3 dxc4 11. Bxc4 Bg4 12. Qd3 Nd7 13. Bg5 Be7 14. Bf4 Bf6 1/2-1/2

[Event "Olympiad-36"]
[Site "Mallorca"]
[Date "2004.10.23"]
[Round "8"]
[White "Bendana Guerrero, Guy"]
[Black "Solomons, Deon"]
[Result "1/2-1/2"]
[WhiteElo "2166"]
[BlackElo "2249"]
[PlyCount "33"]
[EventDate "2004.10.15"]
[EventType "team-swiss"]
[EventRounds "14"]
[EventCountry "ESP"]
[SourceTitle "CBM 104"]
[Source "ChessBase"]
[SourceDate "2005.01.27"]
[SourceVersion "1"]
[SourceVersionDate "2005.01.27"]
[SourceQuality "1"]
[WhiteTeam "Nicaragua"]
[BlackTeam "South Africa"]
[WhiteTeamCountry "NCA"]
[BlackTeamCountry "RSA"]

1. d4 Nf6 2. Nf3 g6 3. Bg5 Bg7 4. Nbd2 d6 5. e4 0-0 6. Be2 h6 7. Bh4 c6 8. 0-0 Qc7 9. c3 e5 10. dxe5 dxe5 11. Re1 Rd8 12. Qc2 Nbd7 13. Rad1 g5 14. Bg3 Nh5 15. Nc4 Nf4 16. Bf1 b5 17. Nd6 1/2-1/2

[Event "American Continental 02nd"]
[Site "Buenos Aires"]
[Date "2003.08.26"]
[Round "8"]
[White "Manzone, Alessandro Jr"]
[Black "Bendana Guerrero, Guy"]
[Result "1/2-1/2"]
[WhiteElo "2119"]
[BlackElo "2186"]
[PlyCount "43"]
[EventDate "2003.08.17"]
[EventType "swiss"]
[EventRounds "11"]
[EventCountry "ARG"]
[SourceTitle "CBM 097"]
[Source "ChessBase"]
[SourceDate "2003.11.11"]
[SourceVersion "1"]
[SourceVersionDate "2003.11.11"]
[SourceQuality "1"]

1. d4 Nf6 2. c4 e5 3. dxe5 Ng4 4. Nf3 Bc5 5. e3 Nc6 6. Be2 Ngxe5 7. Nc3 a5 8. 0-0 d6 9. b3 0-0 10. Bb2 Nxf3+ 11. Bxf3 Ne5 12. Nd5 c6 13. Nf4 Nxf3+ 14. Qxf3 Qg5 15. Qh5 Qxh5 16. Nxh5 f6 17. Ng3 Be6 18. Rfd1 d5 19. cxd5 Bxd5 20. Bd4 Ba3 21. Bc3 Rfe8 22. Ne2 1/2-1/2

[Event "American Continental 02nd"]
[Site "Buenos Aires"]
[Date "2003.08.23"]
[Round "6"]
[White "Leeuw, Pablo Gabriel"]
[Black "Bendana Guerrero, Guy"]
[Result "0-1"]
[WhiteElo "2110"]
[BlackElo "2186"]
[PlyCount "27"]
[EventDate "2003.08.17"]
[EventType "swiss"]
[EventRounds "11"]
[EventCountry "ARG"]
[SourceTitle "CBM 097"]
[Source "ChessBase"]
[SourceDate "2003.11.11"]
[SourceVersion "1"]
[SourceVersionDate "2003.11.11"]
[SourceQuality "1"]

1. e4 e5 2. Nf3 Nf6 3. Nxe5 d6 4. Nf3 Nxe4 5. d4 d5 6. Bd3 Bd6 7. 0-0 0-0 8. c4 c6 9. Nc3 Nxc3 10. bxc3 Bg4 11. h3 Bh5 12. Bxh7+ Kxh7 13. Ng5+ Qxg5 14. g4 0-1

[Event "American Continental 02nd"]
[Site "Buenos Aires"]
[Date "2003.08.18"]
[Round "2"]
[White "Fiorito, Fabian"]
[Black "Bendana Guerrero, Guy"]
[Result "1-0"]
[WhiteElo "2422"]
[BlackElo "2186"]
[PlyCount "71"]
[EventDate "2003.08.17"]
[EventType "swiss"]
[EventRounds "11"]
[EventCountry "ARG"]
[SourceTitle "CBM 097"]
[Source "ChessBase"]
[SourceDate "2003.11.11"]
[SourceVersion "1"]
[SourceVersionDate "2003.11.11"]
[SourceQuality "1"]

1. e4 e5 2. Bc4 Nf6 3. d3 Be7 4. Nf3 d6 5. 0-0 Bg4 6. h3 Bxf3 7. Qxf3 0-0 8. Bb3 Nc6 9. c3 h6 10. Nd2 Nh7 11. Qe2 Na5 12. Bc2 Nc6 13. Rd1 Bf6 14. Nf1 Bg5 15. Ne3 g6 16. d4 Qc8 17. dxe5 dxe5 18. Nd5 Bxc1 19. Raxc1 Kg7 20. Ba4 Re8 21. Rd2 Ng5 22. Rcd1 Re6 23. Bxc6 bxc6 24. Nb4 a5 25. Nd3 Qf8 26. h4 Nh7 27. b4 Qe7 28. g3 Rd6 29. Nc5 axb4 30. cxb4 Nf6 31. a4 Rad8 32. a5 Rb8 33. Qc4 Qd8 34. Rd3 Nd7 35. Rxd6 cxd6 36. Rxd6 1-0

[Event "American Continental 02nd"]
[Site "Buenos Aires"]
[Date "2003.08.17"]
[Round "1"]
[White "Bendana Guerrero, Guy"]
[Black "Giardelli, Sergio Carlos"]
[Result "0-1"]
[WhiteElo "2186"]
[BlackElo "2437"]
[PlyCount "64"]
[EventDate "2003.08.17"]
[EventType "swiss"]
[EventRounds "11"]
[EventCountry "ARG"]
[SourceTitle "CBM 097"]
[Source "ChessBase"]
[SourceDate "2003.11.11"]
[SourceVersion "1"]
[SourceVersionDate "2003.11.11"]
[SourceQuality "1"]

1. d4 Nf6 2. Nf3 c5 3. c3 b6 4. Bf4 Bb7 5. e3 g6 6. h3 Bg7 7. Nbd2 0-0 8. Be2 d6 9. 0-0 Nbd7 10. Re1 a6 11. a4 Qc7 12. Rc1 Rac8 13. Qc2 cxd4 14. exd4 Rfe8 15. Bd3 e5 16. dxe5 dxe5 17. Bh2 Nd5 18. Qb3 Nc5 19. Qc2 Nxd3 20. Qxd3 Re7 21. Rcd1 f5 22. Qb1 Kh8 23. Re2 Rce8 24. Rde1 b5 25. axb5 axb5 26. Nd4 Qb6 27. Nxb5 Qxb5 28. c4 Qc6 29. cxd5 Qxd5 30. f3 Ba6 31. Rf2 e4 32. fxe4 Bd4 0-1

[Event "Olympiad-35"]
[Site "Bled"]
[Date "2002.11.04"]
[Round "9.3"]
[White "Bendana Guerrero, Guy"]
[Black "Jiravorasuk, Banjuab"]
[Result "1/2-1/2"]
[WhiteElo "2198"]
[BlackElo "2255"]
[PlyCount "45"]
[EventDate "2002.10.26"]
[EventType "team-swiss"]
[EventRounds "14"]
[EventCountry "SLO"]
[SourceTitle "EXT 2003"]
[Source "ChessBase"]
[SourceDate "2002.11.25"]
[SourceVersion "1"]
[SourceVersionDate "2002.11.25"]
[SourceQuality "1"]
[WhiteTeam "Nicaragua"]
[BlackTeam "Thailand"]
[WhiteTeamCountry "NCA"]
[BlackTeamCountry "THA"]

1. d4 Nf6 2. Nf3 g6 3. Bg5 Bg7 4. Nbd2 d6 5. c3 Nbd7 6. e3 0-0 7. Bc4 a6 8. a4 b6 9. 0-0 Bb7 10. Qe2 Qe8 11. Rfe1 e5 12. dxe5 Nxe5 13. Nxe5 Qxe5 14. Bf4 Qe7 15. h3 Rfe8 16. Qd3 Nh5 17. Bh2 Qg5 18. Qf1 Qe7 19. Be2 Nf6 20. Bc4 Nh5 21. Be2 Nf6 22. Bc4 Nh5 23. Be2 1/2-1/2

[Event "APA Mag 30 years-B corr"]
[Site "Argentina"]
[Date "2001.05.15"]
[Round "?"]
[White "Bulgarini, Marco"]
[Black "Bendana Guerrero, Guy"]
[Result "1-0"]
[WhiteElo "2347"]
[BlackElo "2310"]
[PlyCount "115"]
[EventDate "2001.??.??"]
[EventType "tourn (corr)"]
[EventRounds "15"]
[EventCountry "ARG"]
[EventCategory "7"]
[SourceTitle "Corr 2024"]
[Source "ChessBase"]
[SourceDate "2023.10.19"]
[SourceVersion "1"]
[SourceVersionDate "2023.10.19"]
[SourceQuality "1"]

1. e4 e5 2. Nf3 Nc6 3. Nc3 Nf6 4. d4 exd4 5. Nd5 Be7 6. Bc4 0-0 7. 0-0 d6 8. Nxd4 Nxd5 9. Bxd5 Nxd4 10. Qxd4 Bf6 11. Qd3 Re8 12. c3 Qe7 13. Bf4 Rb8 14. Rae1 a6 15. Bb3 b5 16. Bc2 g6 17. Bg3 Be6 18. b3 Qd7 19. f4 Qc6 20. f5 gxf5 21. Rf3 Rbd8 22. Qd2 Kh8 23. Qh6 Bg7 24. Qh4 f6 25. Bf2 d5 26. exd5 Qxd5 27. Bd4 Bd7 28. Rxe8+ Rxe8 29. Rh3 Qg8 30. Kf1 c6 31. Qh5 Rd8 32. Qg6 Be6 33. Bxf6 Rd7 34. Bxf5 Bxf5 35. Qxf5 Rd1+ 36. Ke2 Rd6 37. Bxg7+ Qxg7 38. Rf3 Qe7+ 39. Re3 Qd8 40. Qe5+ Kg8 41. Rg3+ Rg6 42. Qe6+ Kg7 43. Rxg6+ hxg6 44. Qxc6 Qa5 45. Qd7+ Kg8 46. Qd2 Qc7 47. Qd5+ Kh7 48. c4 Qxh2 49. c5 Kg7 50. c6 b4 51. Kf3 Kh6 52. Qc4 Qh5+ 53. Kf2 Qf5+ 54. Kg1 Qb1+ 55. Kh2 Qf5 56. c7 Qh5+ 57. Kg3 Qg5+ 58. Qg4 1-0

[Event "APA Mag 30 years-B corr"]
[Site "Argentina"]
[Date "2001.05.15"]
[Round "?"]
[White "Salcedo Mederos, Pablo"]
[Black "Bendana Guerrero, Guy"]
[Result "0-1"]
[WhiteElo "2402"]
[BlackElo "2310"]
[PlyCount "106"]
[EventDate "2001.??.??"]
[EventType "tourn (corr)"]
[EventRounds "15"]
[EventCountry "ARG"]
[EventCategory "7"]
[SourceTitle "Corr 2024"]
[Source "ChessBase"]
[SourceDate "2023.10.19"]
[SourceVersion "1"]
[SourceVersionDate "2023.10.19"]
[SourceQuality "1"]

1. d4 Nf6 2. c4 e6 3. Nf3 d5 4. Nc3 Be7 5. Bf4 0-0 6. e3 c6 7. h3 Nbd7 8. Qc2 Re8 9. a3 Nf8 10. Bd3 dxc4 11. Bxc4 Nd5 12. Bh2 Bd6 13. Bxd6 Qxd6 14. Rc1 a5 15. Ne4 Qc7 16. Nc5 Rd8 17. 0-0 Ng6 18. Bd3 b6 19. Bxg6 hxg6 20. Ne4 Ne7 21. Ne5 Bd7 22. b3 Be8 23. Nd3 Nd5 24. Nc3 Nf6 25. Rfd1 Rac8 26. Na4 Nd7 27. Nab2 e5 28. dxe5 Nxe5 29. Nxe5 Qxe5 30. Nc4 Qc7 31. Qe4 b5 32. Nb2 Rxd1+ 33. Rxd1 c5 34. Rc1 Bc6 35. Qc2 Qb7 36. f3 Bd7 37. Nd1 Be6 38. Nc3 b4 39. Ne4 c4 40. bxc4 Rxc4 41. Qd1 Rxc1 42. Qxc1 b3 43. Qb2 Qd5 44. Kf2 f6 45. Qc1 Kh7 46. Nc3 Qd3 47. Ne2 Bc4 48. Nd4 a4 49. Qb2 Qf1+ 50. Kg3 Qe1+ 51. Kh2 Qxe3 52. Kh1 Qe1+ 53. Kh2 g5 0-1

[Event "APA Mag 30 years-B corr"]
[Site "Argentina"]
[Date "2001.05.15"]
[Round "?"]
[White "Soentges, Karl Heinz"]
[Black "Bendana Guerrero, Guy"]
[Result "1-0"]
[WhiteElo "2469"]
[BlackElo "2310"]
[PlyCount "113"]
[EventDate "2001.??.??"]
[EventType "tourn (corr)"]
[EventRounds "15"]
[EventCountry "ARG"]
[EventCategory "7"]
[SourceTitle "Corr 2024"]
[Source "ChessBase"]
[SourceDate "2023.10.19"]
[SourceVersion "1"]
[SourceVersionDate "2023.10.19"]
[SourceQuality "1"]

1. e4 e5 2. Nf3 Nc6 3. Bb5 a6 4. Ba4 Nf6 5. 0-0 Be7 6. Re1 b5 7. Bb3 0-0 8. c3 d5 9. exd5 Nxd5 10. Nxe5 Nxe5 11. Rxe5 c6 12. d4 Bd6 13. Re1 Qh4 14. g3 Qh3 15. Be3 Bg4 16. Qd3 Rae8 17. Nd2 Re6 18. a4 f5 19. axb5 axb5 20. Bxd5 cxd5 21. Qxb5 f4 22. Bxf4 Bxf4 23. Rxe6 Bxe6 24. gxf4 Qg4+ 25. Kh1 Qxf4 26. Qe2 Bg4 27. f3 Bh5 28. Qf2 Re8 29. Qg2 Kh8 30. Rg1 Qf7 31. Qf2 h6 32. h3 Qd7 33. Qg3 Re3 34. Kh2 Re2+ 35. Rg2 Re6 36. f4 Qe7 37. f5 Rf6 38. Rf2 Qf7 39. Qb8+ Kh7 40. Qe5 Bd1 41. Nf1 Rc6 42. Ne3 Bb3 43. Qg3 Rf6 44. Qb8 Qe7 45. Qe5 Qd8 46. Ng4 Rf8 47. f6 Bd1 48. fxg7 Rxf2+ 49. Nxf2 Bc2 50. b4 Qh4 51. Ng4 h5 52. Qf6 Qxf6 53. Nxf6+ Kxg7 54. Nxd5 Kf8 55. b5 Bb3 56. Nb4 Ke7 57. b6 1-0